| 000 | 00000nas 2200000za 4500 |
| 001 | 9.802651 |
| 003 | CaOODSP |
| 005 | 20221107135031 |
| 007 | cr ||||||||||| |
| 008 | 150406d20152016bccar p o||||f0 |0fre|d |
| 040 | |aCaOODSP|bfre |
| 043 | |an-cn--- |
| 086 | 1 |aFs142-2F-PDF |
| 245 | 00|aGuide de la pêche sportive de la Colombie-Britannique |h[ressource électronique]. |
| 260 | |a[Vancouver] : |bPêches et Océans Canada |
| 310 | |aAnnuel |
| 362 | 0 |a2015-2016. |
| 500 | |aPubl. aussi en anglais sous le titre : British Columbia sport fishing guide. |
| 691 | 07|aPêche sportive|2gcpds |
| 710 | 1 |aCanada. |bMinistère des pêches et des océans. |
| 775 | 08|tBritish Columbia sport fishing guide |w(CaOODSP)9.802650 |
| 776 | 0#|tGuide de la pêche sportive de la Colombie-Britannique |w(CaOODSP)9.808872 |
| 780 | 00|tGuide de la pêche sportive dans les eaux à marées de la Colombie-Britannique |w(CaOODSP)9.502173 |